000 01366nam0a22002771 4500
001 rc\4575568
005 20260406121150.0
021 _aRU
_b[64-84794]
035 _a(NLR Aleph) 008654095
090 _a9020422
_c9020422
100 _a20130416d1964 |||y0rusy50 ca
101 0 _arus
102 _aRU
105 _aab d |||||
200 1 _aМатериалы к изучению переформирования берегов Волгоградского водохранилища
_e[Сборник статей
_fОтв. ред. д-р геогр. наук К.Е. Иванов]
_gАкад. наук СССР. Лаборатория аэрометодов Гос. геол. ком. СССР
210 _aМосква
_aЛенинград
_cНаука. [Ленингр. отд-ние]
_d1964
215 _a125 с., 1 л. схем.
_cил., карт.
_d26
320 _aБиблиогр. в конце статей
606 _aБерега водохранилищ
_xФормирование
_yВолгоградское водохранилище
_2psbo
702 1 _aИванов
_bК.Е.
_gКонстантин Евгеньевич
_4340
712 0 2 _aЛаборатория аэрометодов
_cЛенинград
_3RU\NLR\AUTH\8813703
_9300452
801 0 _aRU
_bNLR
_gpsbo
801 1 _aRU
_bELAR
_2rusmarc
852 _aNLR
_j64-7/2329
942 _cBOOK
980 _aNB